Statistics for European Geography By Letter M - Picture Quiz

Click here to take the quiz!

General Stats

  • This quiz has been taken 84 times
  • The average score is 10 of 18

Answer Stats

Answer% Correct
Moscow
99%
Monaco
92%
{Mediterranean} Sea
92%
Matterhorn
87%
Moldova
85%
Milan
84%
St. {Mark's} Square
75%
Mallorca
66%
Sea of {Marmara}
58%
{Murmansk} Oblast
52%
Main
49%
Monte Carlo
49%
Maltese
42%
Moravia
38%
Manx
27%
{Masovian} Voivodeship
23%
Monza
15%
Moorland
14%

Score Distribution

Percentile by Number Answered

Percent of People with Each Score

Your Score History

You have not taken this quiz